Oddané srdce /
Uloženo v:
| Hlavní autor: | |
|---|---|
| Médium: | E-kniha |
| Jazyk: | Czech |
| Vydáno: |
[Ostrava] :
Mytago,
2013
|
| Vydání: | Vyd. 1. |
| Edice: | Gamebook (Mytago)
|
| Témata: | |
| Tagy: |
Žádné tagy |
| LEADER | 01760nam a2200445 a 4500 | ||
|---|---|---|---|
| 001 | 292845 | ||
| 003 | CZ PrSKC | ||
| 005 | 20260407070748.0 | ||
| 007 | ta | ||
| 008 | 130916s2013 xr a c 000 0 cze | ||
| 015 | |a cnb002499210 | ||
| 020 | |a 9788087761038 |q (v knize neuvedeno ; |q brož.) |z 978-80-87761-00-7 | ||
| 035 | |a (OCoLC)859740268 | ||
| 040 | |a ABA001 |b cze | ||
| 072 | 7 | |a 821.162.3-3 |x Česká próza |2 Konspekt | |
| 072 | 7 | |a 821-93 |x Literatura pro děti a mládež (beletrie) |2 Konspekt | |
| 080 | |a 821.162.3-32 |2 MRF | ||
| 080 | |a 821-93 |2 MRF | ||
| 080 | |a (0:82-322.9) |2 MRF | ||
| 080 | |a (0.05)793.7 |2 MRF | ||
| 100 | 1 | |a Tomcsányi, Pavel |7 osa2013782476 |4 aut | |
| 245 | 1 | 0 | |a Oddané srdce / |c Pavel Tomcsányi ; [ilustrace Jaromír Volavka] |
| 250 | |a Vyd. 1. | ||
| 260 | |a [Ostrava] : |b Mytago, |c 2013 | ||
| 300 | |a [152] s. : |b il. ; |c 16 cm | ||
| 490 | 1 | |a Gamebook | |
| 655 | 7 | |a české příběhy |7 fd133973 |2 czenas | |
| 655 | 7 | |a fantasy příběhy |7 fd184198 |2 czenas | |
| 655 | 7 | |a čtenářské hry |7 fd133978 |2 czenas | |
| 655 | 7 | |a publikace pro mládež |7 fd133157 |2 czenas | |
| 655 | 9 | |a Czech stories |2 eczenas | |
| 655 | 9 | |a fantasy stories |2 eczenas | |
| 655 | 9 | |a literary recreations |2 eczenas | |
| 655 | 9 | |a juvenile literature |2 eczenas | |
| 830 | 0 | |a Gamebook (Mytago) | |
| 900 | |a ABA001 |b 17 | ||
| 044 | |a xr | ||
| 910 | |a RBIT002 | ||
| 998 | |d 5966 |a https://core.palmknihy.cz/api/books/5966/cover?zfxa19 |b https://core.palmknihy.cz/api/books/5966/cover/400?irhpt1 |c https://core.palmknihy.cz/api/books/5966/cover/50?htcbtt |e |g 152 |i 9788087761038 |j https://core.palmknihy.cz/api/books/5966/preview.epub |k https://core.palmknihy.cz/api/books/5966/preview.pdf |l |q 49 |r 1 |s https://www.palmknihy.cz/kniha/5966 |t ebook |y 2013 |z 0 | ||
| 999 | |d 292843 | ||